000 00267nam a22001097a 4500
008 170110b xxu||||| |||| 00| 0 eng d
020 _a9780766859937
041 _aeng
080 _22ND
_aLUXNER, K.L
245 _aDELMAR'S MATERNAL INFANT
_cLUXNER, K.L
942 _2udc
_cBK
999 _c2662
_d2662